¿Qué es el franchising? (Registro nro. 323893)

Detalles MARC
000 -ENCABEZADO
Número de control [NR] 00817nam a22002057a 4500
005 - FECHA Y HORA DE LA ÚLTIMA TRANSACCIÓN
control field 20240523135822.0
008 - DE LONGITUD FIJA DE DATOS DE ELEMENTOS - INFORMACIÓN GENERAL
Elementos de longitud fija [NR] 240221t ||||| |||| 00| 0 spa d
040 ## - FUENTE DE CATALOGACION [NR]
Agencia de catalogación original [NR] CO-BoUCM
Quien Cataloga David Moreno
Quien Clasifica David Moreno
041 ## - CODIGO DE IDIOMA [R]
Código de idioma para texto/pista de sonido o título separado [R] Español
100 1# - ASIENTO PRINCIPAL--NOMBRE PERSONAL [NR]
Nombre personal [NR] Guyenot, Jean-Pierre
ID Autoridad 115765
245 1# - MENCION DE TITULO [NR]
Título [NR] ¿Qué es el franchising?
Parte restante del título [NR] El contrato de concesión de venta de automotores
Mención de responsabilidad, etc. [NR] Jean-Pierre Guyenot y Julio Rotman
260 ## - PUBLICACION, DISTRIBUCION, ETC. (PIE DE IMPRENTA) [R]
Lugar de publicación, distribución, etc. [R] Buenos Aires
Nombre del editor, distribuidor, etc. [R] Ediciones Jurídicas Europa-América
Fecha de publicación, distribución, etc. [R] 1977
300 ## - DESCRIPCION FISICA [R]
Extensión [R] 236 Paginas
490 ## - MENCION DE SERIE [R]
Mención de serie [R] Breviarios de derecho ; 64
650 17 - ASIENTO SECUNDARIO DE MATERIA - TERMINO TEMATICO [R]
Término temático o nombre geográfico como elemento de entrada [NR] Competencia economica
Subdivisión general [R] Ley y legislación
-- Vehiculos de motor
9 (RLIN) 179983
650 17 - ASIENTO SECUNDARIO DE MATERIA - TERMINO TEMATICO [R]
Término temático o nombre geográfico como elemento de entrada [NR] Derecho
Subdivisión general [R] Franquicias
-- Vehiculos
9 (RLIN) 179984
700 1# - ASIENTO SECUNDARIO - NOMBRE PERSONAL [R]
Nombre personal [NR] Rotman, Julio
9 (RLIN) 179985
942 ## - ELEMENTOS DE ENTRADA AGREGADOS (KOHA)
Sistema de clasificación DEWEY
Tema principal Derecho
Tipo de ítem principal el descrito en 300a Libro
Edición 1
Clasificación 343.07
Parte restante de la signatura top. G988q
Título oculto en OPAC No
Existencias
Total préstamos Signatura topográfica Código de barras Última vez visto Ejemplar Costo de reposición Price effective from Tipo de ítem Perdido Sistema de clasificación Dañado No prestable Tipo de ítem específico Suprimido Ubicación habitual Ubicación actual Localización Fecha de creación Forma de adquisición
  343.07 G988q 100172331 05/12/2025 Ej.1 26000.00 21/02/2024 Libro   DEWEY     Libro   Claustro Claustro 3er piso 21/02/2024 Donación